[Event "GER-chT U14 Girls"]
[Site "Greifswald"]
[Date "2003.12.30"]
[Round "7.2"]
[White "Reh, Rebecca"]
[Black "Bothe, Lea"]
[Result "0-1"]
[WhiteElo "1428"]
[BlackElo "1259"]
[PlyCount "106"]
[EventDate "2003.12.27"]
[EventType "team-swiss"]
[EventRounds "7"]
[EventCountry "GER"]
[SourceTitle "EXT 2022"]
[Source "ChessBase"]
[SourceDate "2021.10.06"]
[SourceVersion "1"]
[SourceVersionDate "2021.10.06"]
[SourceQuality "1"]
[WhiteTeam "Plauen Koenig U14 Girls"]
[BlackTeam "Graefelfing SK U14 Girls"]
[WhiteTeamCountry "GER"]
[BlackTeamCountry "GER"]

1. e4 e5 2. Nf3 Nc6 3. c3 Nf6 4. d4 exd4 5. e5 Nd5 6. cxd4 h6 7. Nc3 Bb4 8. Bd2 Bxc3 9. bxc3 d6 10. Bb5 Bd7 11. exd6 cxd6 12. 0-0 0-0 13. c4 Nc7 14. Bxc6 bxc6 15. Ba5 Bg4 16. h3 Bh5 17. Re1 Qd7 18. Rb1 Ne6 19. h4 Bxf3 20. gxf3 Nf4 21. Bd2 Ng6 22. Re3 Qf5 23. Re4 h5 24. Rb3 Rab8 25. Ra3 d5 26. cxd5 cxd5 27. Re1 Qh3 28. Qe2 Rfe8 29. Qf1 Rxe1 30. Bxe1 Qxf1+ 31. Kxf1 Nxh4 32. Ke2 Nf5 33. Bc3 h4 34. Kf1 g5 35. Kg2 Kg7 36. Rxa7 Kf6 37. Kh3 Rb1 38. Ra5 Ne7 39. Rc5 Kf5 40. a4 Kf4 41. Kg2 h3+ 42. Kxh3 Kxf3 43. Kh2 g4 44. Bd2 Rb3 45. Be1 f5 46. Rc7 Ng6 47. Rf7 f4 48. a5 Rb1 49. Bd2 Ra1 50. Rf6 Ra2 51. Rxg6 Rxd2 52. a6 g3+ 53. Kh3 gxf2 0-1

[Event "GER-chT U14 Girls"]
[Site "Greifswald"]
[Date "2003.12.28"]
[Round "3.2"]
[White "Wolf, Carolin"]
[Black "Bothe, Lea"]
[Result "0-1"]
[WhiteElo "1221"]
[BlackElo "1259"]
[PlyCount "80"]
[EventDate "2003.12.27"]
[EventType "team-swiss"]
[EventRounds "7"]
[EventCountry "GER"]
[SourceTitle "EXT 2022"]
[Source "ChessBase"]
[SourceDate "2021.10.06"]
[SourceVersion "1"]
[SourceVersionDate "2021.10.06"]
[SourceQuality "1"]
[WhiteTeam "Ruedersdorf Glueckauf U14 Girls"]
[BlackTeam "Graefelfing SK U14 Girls"]
[WhiteTeamCountry "GER"]
[BlackTeamCountry "GER"]

1. e4 e5 2. d4 g6 3. dxe5 Bg7 4. Nf3 Nc6 5. Bf4 Nge7 6. c3 0-0 7. Bc4 Re8 8. 0-0 Kh8 9. Ng5 Rf8 10. Nxf7+ Rxf7 11. Bxf7 Qf8 12. Qb3 Nd8 13. e6 dxe6 14. Bxc7 Nxf7 15. Bg3 b6 16. Rd1 Qe8 17. Na3 Qc6 18. f3 Bd7 19. Nb5 Qxb5 20. Qxb5 Bxb5 21. Rd2 h6 22. Rad1 Kh7 23. Bf2 Bf6 24. Be3 g5 25. Kf2 Kg6 26. Kg3 h5 27. f4 g4 28. e5 Nf5+ 29. Kf2 Nxe3 30. Kxe3 Be7 31. b4 Kf5 32. g3 Rc8 33. Kd4 Rc4+ 34. Ke3 Rxc3+ 35. Kd4 Rc4+ 36. Ke3 Rxb4 37. Kf2 h4 38. Rh1 h3 39. Rc2 Bc5+ 40. Ke1 Rb1+ 0-1

[Event "GER-chT U14 Girls"]
[Site "Greifswald"]
[Date "2001.12.29"]
[Round "6.2"]
[White "Bothe, Lea"]
[Black "Ernst, Laura"]
[Result "1/2-1/2"]
[WhiteElo "100"]
[BlackElo "1149"]
[PlyCount "53"]
[EventDate "2001.12.27"]
[EventType "team-swiss"]
[EventRounds "7"]
[EventCountry "GER"]
[SourceTitle "EXT 2003"]
[Source "ChessBase"]
[SourceDate "2002.11.25"]
[SourceVersion "1"]
[SourceVersionDate "2002.11.25"]
[SourceQuality "1"]
[WhiteTeam "Graefelfing SK U14 Girls"]
[BlackTeam "Mutterstadt U14 Girls"]
[WhiteTeamCountry "GER"]
[BlackTeamCountry "GER"]

1. d4 d5 2. c4 e6 3. Nc3 Nf6 4. Bg5 Be7 5. Nf3 Nc6 6. e3 0-0 7. Bd3 Ne4 8. Bxe7 Nxc3 9. Bxd8 Nxd1 10. Rxd1 Rxd8 11. Ng5 g6 12. 0-0 e5 13. cxd5 Nb4 14. Bc4 Nxd5 15. dxe5 Be6 16. e4 Nf4 17. b3 Bxc4 18. bxc4 h6 19. Nf3 Rxd1 20. Rxd1 Ne2+ 21. Kf1 Nc3 22. Rd4 Nxa2 23. Ke1 b6 24. Nd2 Kf8 25. Rd3 Ke7 26. f4 Nb4 27. Rd4 1/2-1/2